Name all the Dark Type Pokemon - Statistics

General Stats
  • This quiz has been taken 61 times
  • The average score is 35 of 46
Answer Stats
Type Answer % Correct
Dark/Fire Houndoom
94%
Dark/Fire Houndour
94%
Dark Umbreon
90%
Dark/Dragon Hydreigon
88%
Dark/Flying Murkrow
88%
Dark/Dragon Deino
85%
Grass/Dark Nuzleaf
85%
Dark/Ghost Sableye
85%
Grass/Dark Shiftry
85%
Dark/Ice Sneasel
85%
Rock/Dark Tyranitar
83%
Dark/Ice Weavile
83%
Dark/Dragon Zweilous
83%
Dark Darkrai
81%
Ground/Dark Krookodile
81%
Dark Mightyena
81%
Dark/Flying Honchkrow
79%
Dark Poochyena
79%
Dark/Fighting Scrafty
79%
Dark/Fighting Scraggy
79%
Dark/Steel Bisharp
77%
Ground/Dark Krokorok
77%
Ground/Dark Sandile
77%
Water/Dark Sharpedo
77%
Dark/Flying Yveltal
77%
Water/Dark Carvanha
73%
Water/Dark Greninja
73%
Dark/Steel Pawniard
73%
Poison/Dark Drapion
71%
Dark/Psychic Malamar
71%
Ghost/Dark Spiritomb
71%
Grass/Dark Cacturne
69%
Dark/Psychic Inkay
69%
Fighting/Dark Pangoro
69%
Dark Absol
67%
Dark Liepard
65%
Dark Purrloin
65%
Poison/Dark Stunky
65%
Dark/Flying Mandibuzz
63%
Poison/Dark Skuntank
63%
Dark/Flying Vullaby
63%
Water/Dark Crawdaunt
60%
Fire/Dark Incineroar
60%
Dark Zoroark
60%
Dark/Dragon Guzzlord
58%
Dark Zorua
58%
No matching quizzes found
Score Distribution
Percent of People with Each Score
Percentile by Number Answered
Your Score History
You have not taken this quiz